[Event "HUN-chT2 Breyer 1718"]
[Site "Hungary"]
[Date "2017.11.26"]
[Round "4.9"]
[White "Fellegi, Zoltan"]
[Black "Kiss, Istvan"]
[Result "1-0"]
[WhiteElo "1913"]
[BlackElo "1767"]
[PlyCount "51"]
[EventDate "2017.09.24"]
[EventType "team-tourn"]
[EventRounds "11"]
[EventCountry "HUN"]
[SourceTitle "EXT 2021"]
[Source "ChessBase"]
[SourceDate "2020.10.23"]
[SourceVersion "1"]
[SourceVersionDate "2020.10.23"]
[SourceQuality "1"]
[WhiteTeam "Szekesfehervar"]
[BlackTeam "Nyergesujfalu"]
[WhiteTeamCountry "HUN"]
[BlackTeamCountry "HUN"]

1. Nf3 d6 2. g3 g6 3. Bg2 Bg7 4. d3 Nf6 5. Nc3 c6 6. 0-0 0-0 7. e4 Bg4 8. h3 Bxf3 9. Qxf3 Nbd7 10. Qe2 e5 11. Be3 Qc7 12. f4 Nh5 13. Qf2 b5 14. f5 Nhf6 15. g4 h6 16. g5 hxg5 17. Bxg5 Qb6 18. Be3 Qc7 19. Kh1 b4 20. Ne2 Nh5 21. Bf3 Ndf6 22. Qh4 d5 23. Rg1 d4 24. Bd2 Qe7 25. Bxh5 gxh5 26. Qg5 1-0

[Event "HUN-chT2 Breyer 1718"]
[Site "Hungary"]
[Date "2017.10.08"]
[Round "2.10"]
[White "Egri, Gyula"]
[Black "Kiss, Istvan"]
[Result "0-1"]
[WhiteElo "1880"]
[BlackElo "1767"]
[PlyCount "76"]
[EventDate "2017.09.24"]
[EventType "team-tourn"]
[EventRounds "11"]
[EventCountry "HUN"]
[SourceTitle "EXT 2021"]
[Source "ChessBase"]
[SourceDate "2020.10.23"]
[SourceVersion "1"]
[SourceVersionDate "2020.10.23"]
[SourceQuality "1"]
[WhiteTeam "Esztergom"]
[BlackTeam "Nyergesujfalu"]
[WhiteTeamCountry "HUN"]
[BlackTeamCountry "HUN"]

1. b3 e5 2. Bb2 Nc6 3. g3 d5 4. Bg2 Nf6 5. d3 Bc5 6. e3 0-0 7. Nd2 Bg4 8. Ne2 Re8 9. 0-0 Qd7 10. a3 Bh3 11. b4 Bxg2 12. Kxg2 Bd6 13. c4 b6 14. cxd5 Nxd5 15. Nc4 Re6 16. e4 Nf6 17. b5 Ne7 18. a4 Ne8 19. Ng1 Ng6 20. Ne3 Bc5 21. Nf5 Rd8 22. Qg4 Nf6 23. Qe2 Bd4 24. Bxd4 exd4 25. Nf3 Ne7 26. N3xd4 Nxf5 27. Nxf5 g6 28. Nh6+ Kg7 29. Ng4 Qxd3 30. Qxd3 Rxd3 31. Nxf6 Kxf6 32. f3 c5 33. Rf2 Red6 34. Raa2 R6d4 35. Rfe2 c4 36. Kf2 c3 37. Rec2 Rd2+ 38. Rxd2 cxd2 0-1

[Event "HUN-chT2 Breyer 1617"]
[Site "Hungary"]
[Date "2017.03.12"]
[Round "8.10"]
[White "Kiss, Istvan"]
[Black "Pilis, Peter"]
[Result "1-0"]
[WhiteElo "1769"]
[BlackElo "1646"]
[PlyCount "99"]
[EventDate "2016.10.30"]
[EventType "team-tourn"]
[EventRounds "9"]
[EventCountry "HUN"]
[SourceTitle "EXT 2021"]
[Source "ChessBase"]
[SourceDate "2020.10.23"]
[SourceVersion "1"]
[SourceVersionDate "2020.10.23"]
[SourceQuality "1"]
[WhiteTeam "Nyergesujfalu"]
[BlackTeam "Torokbalint"]
[WhiteTeamCountry "HUN"]
[BlackTeamCountry "HUN"]

1. e4 c5 2. c3 d5 3. e5 Nc6 4. Bb5 a6 5. Bxc6+ bxc6 6. Nf3 Bg4 7. Qa4 Qc8 8. Qf4 Qf5 9. Qxf5 Bxf5 10. d4 e6 11. 0-0 Bd3 12. Re1 h6 13. Re3 c4 14. Ne1 Bh7 15. Nd2 c5 16. Nef3 cxd4 17. Nxd4 Bc5 18. Re1 Ne7 19. N2f3 0-0 20. b4 cxb3 21. Nxb3 Bb6 22. Ba3 Rfe8 23. Nfd4 Rac8 24. Rac1 Rc4 25. Bb4 Rec8 26. Bxe7 a5 27. Nb5 Rf4 28. N3d4 Bd3 29. g3 Re4 30. Rxe4 dxe4 31. a4 Rc4 32. Ra1 Kh7 33. Ra3 Kg6 34. Nd6 Bc5 35. Nxc4 Bxe7 36. Nd6 f6 37. Rb3 fxe5 38. N4b5 Bg5 39. c4 Bc2 40. Rc3 Bxa4 41. Nxe4 Kf7 42. Nxg5+ hxg5 43. Nd6+ Ke7 44. Ra3 Bc6 45. c5 a4 46. Nc4 e4 47. Nb6 e5 48. Nxa4 Ke6 49. Nc3 e3 50. fxe3 1-0

[Event "HUN-chT2 Breyer 1617"]
[Site "Hungary"]
[Date "2016.10.30"]
[Round "1.10"]
[White "Kiss, Istvan"]
[Black "Szakaly, Botond"]
[Result "1-0"]
[WhiteElo "1761"]
[BlackElo "1679"]
[PlyCount "133"]
[EventDate "2016.10.30"]
[EventType "team-tourn"]
[EventRounds "9"]
[EventCountry "HUN"]
[SourceTitle "EXT 2021"]
[Source "ChessBase"]
[SourceDate "2020.10.23"]
[SourceVersion "1"]
[SourceVersionDate "2020.10.23"]
[SourceQuality "1"]
[WhiteTeam "Nyergesujfalu"]
[BlackTeam "Paty"]
[WhiteTeamCountry "HUN"]
[BlackTeamCountry "HUN"]

1. e4 e5 2. d4 exd4 3. Qxd4 Nc6 4. Qe3 b6 5. Bd2 Bc5 6. Qg3 Qf6 7. Nc3 Bd6 8. f4 Bb7 9. e5 Nxe5 10. fxe5 Bxe5 11. Qh3 0-0-0 12. 0-0-0 Ne7 13. Nf3 Bf4 14. Be2 Ng6 15. Rhf1 Rhe8 16. g3 Bxd2+ 17. Nxd2 Qg5 18. Bf3 Bxf3 19. Rxf3 Ne5 20. Rf5 Qe3 21. Qg2 Kb8 22. Nd5 Qc5 23. Nb3 Qc6 24. Qd2 Qe6 25. Rff1 f6 26. Ne3 Qc6 27. Qg2 Qa4 28. Kb1 Qb5 29. Nd4 Qc5 30. Qd5 Qf8 31. Nf3 Nc6 32. Rde1 Nb4 33. Qb3 Re6 34. a3 Nc6 35. Nf5 g6 36. Rxe6 dxe6 37. Ne3 e5 38. Qb5 Kb7 39. c3 Qe7 40. Qe2 f5 41. Rd1 Re8 42. Nd5 Qg7 43. Nb4 Nxb4 44. axb4 Qf6 45. Kc2 g5 46. Ra1 f4 47. Qa6+ Kb8 48. Qxa7+ Kc8 49. Qa8+ Kd7 50. Rd1+ Ke7 51. Qd5 Qf5+ 52. Kc1 Kf8 53. Re1 fxg3 54. hxg3 g4 55. Nd2 Kg7 56. Rf1 Qg6 57. Qd7+ Kg8 58. Qd5+ Kg7 59. Ne4 Qh6+ 60. Kc2 Qg6 61. Kb3 c5 62. Qd7+ Kh8 63. Nf6 Rf8 64. Qe7 c4+ 65. Ka4 Ra8+ 66. Kb5 e4 67. Qxe4 1-0

[Event "HUN-chT2 Breyer 1516"]
[Site "Hungary"]
[Date "2016.03.20"]
[Round "9.9"]
[White "Kiss, Istvan"]
[Black "Papp, Gabor1111"]
[Result "0-1"]
[WhiteElo "1774"]
[BlackElo "1980"]
[PlyCount "104"]
[EventDate "2015.09.13"]
[EventType "team-tourn"]
[EventRounds "11"]
[EventCountry "HUN"]
[SourceTitle "EXT 2017"]
[Source "ChessBase"]
[SourceDate "2016.10.25"]
[SourceVersion "1"]
[SourceVersionDate "2016.10.25"]
[SourceQuality "1"]
[WhiteTeam "Nyergesujfalu"]
[BlackTeam "Gyor UDSE"]
[WhiteTeamCountry "HUN"]
[BlackTeamCountry "HUN"]

1. e4 e6 2. b3 d5 3. exd5 exd5 4. Qe2+ Qe7 5. Qxe7+ Bxe7 6. Bb2 Nf6 7. Nf3 Bf5 8. Nd4 Bg6 9. Nb5 Na6 10. N5a3 Nc5 11. d3 Ne6 12. g3 Bc5 13. Bh3 Ng5 14. Bg2 0-0-0 15. 0-0 Rhe8 16. h4 Ne6 17. Nd2 Nd4 18. Bh3+ Kb8 19. Bxd4 Bxd4 20. Rae1 Bh5 21. Kg2 Be2 22. Rh1 Bc3 23. Nab1 Ba5 24. a3 c5 25. b4 cxb4 26. Nb3 Bb6 27. axb4 Bg4 28. f3 Bxh3+ 29. Kxh3 Bf2 30. Ref1 Be3 31. d4 Rc8 32. Rh2 b6 33. Re2 Rc6 34. Rfe1 Rce6 35. Nc3 Bf2 36. Rxe6 Rxe6 37. Rxe6 fxe6 38. Nd1 Be1 39. c3 Nh5 40. Nc1 Bxg3 41. Kg4 g6 42. Ne2 Be1 43. Kg5 a5 44. b5 a4 45. Kg4 Bd2 46. c4 a3 47. Nec3 dxc4 48. Na2 Nf6+ 49. Kg3 Nd5 50. Kg2 Nb4 51. Ndc3 Bxc3 52. Nxc3 a2 0-1

[Event "HUN-chT2 Breyer 1516"]
[Site "Hungary"]
[Date "2015.09.13"]
[Round "1.10"]
[White "Kiss, Istvan"]
[Black "Kovacs, Balazs"]
[Result "1/2-1/2"]
[WhiteElo "1774"]
[BlackElo "1777"]
[PlyCount "60"]
[EventDate "2015.09.13"]
[EventType "team-tourn"]
[EventRounds "11"]
[EventCountry "HUN"]
[SourceTitle "CBM 170 Extra"]
[Source "ChessBase"]
[SourceDate "2016.02.25"]
[SourceVersion "1"]
[SourceVersionDate "2016.02.25"]
[SourceQuality "1"]
[WhiteTeam "Nyergesujfalu"]
[BlackTeam "Turul"]
[WhiteTeamCountry "HUN"]
[BlackTeamCountry "HUN"]

1. e4 e5 2. d4 exd4 3. Qxd4 Nc6 4. Qe3 Nf6 5. Bd2 b6 6. Nc3 Bc5 7. Qg3 0-0 8. 0-0-0 Re8 9. f3 a6 10. Bg5 Be7 11. Qf2 Nxe4 12. Nxe4 Bxg5+ 13. Nxg5 Qxg5+ 14. Kb1 d6 15. Bd3 Be6 16. Ne2 Nb4 17. Nc3 Qa5 18. a3 Nxd3 19. Rxd3 Rad8 20. Rhd1 Qe5 21. f4 Qf6 22. Re3 Qf5 23. h3 Qc5 24. Ne4 Qc6 25. Nc3 Qc5 26. Ne4 Ba2+ 27. Kxa2 Rxe4 28. Rdd3 Rxe3 29. Rxe3 f5 30. Qe2 Kf8 1/2-1/2

[Event "HUN-chT2 Breyer 1415"]
[Site "Hungary"]
[Date "2015.01.25"]
[Round "?"]
[White "Feher, Attila"]
[Black "Kiss, Istvan"]
[Result "1-0"]
[WhiteElo "2107"]
[BlackElo "1779"]
[PlyCount "73"]
[EventDate "2014.09.07"]
[EventType "team-tourn"]
[EventRounds "11"]
[EventCountry "HUN"]
[SourceTitle "EXT 2016"]
[Source "ChessBase"]
[SourceDate "2015.10.08"]
[SourceVersion "1"]
[SourceVersionDate "2015.10.08"]
[SourceQuality "1"]
[WhiteTeam "Torokbalint"]
[BlackTeam "Nyergesujfalu"]
[WhiteTeamCountry "HUN"]
[BlackTeamCountry "HUN"]

1. e4 d6 2. d4 g6 3. Nc3 Bg7 4. Be3 Nf6 5. f3 Nbd7 6. Qd2 e5 7. d5 Nb6 8. 0-0-0 Bd7 9. g4 Qe7 10. h4 0-0-0 11. a4 Kb8 12. a5 Nc8 13. h5 gxh5 14. g5 Ng8 15. a6 b6 16. Rxh5 f5 17. exf5 Bxf5 18. Bd3 Qf7 19. Rh4 Nce7 20. Be4 Ng6 21. Rh2 Rf8 22. Nge2 Qd7 23. Rdh1 N6e7 24. Qd3 Bxe4 25. Qxe4 Nf5 26. Rxh7 Rxh7 27. Rxh7 Nxe3 28. Qxe3 e4 29. f4 Rf7 30. Qh3 Qe8 31. Qh5 Qd7 32. Nd4 e3 33. Nce2 c5 34. dxc6 Qe7 35. c3 Kc7 36. f5 Rf8 37. Rxg7 1-0

[Event "HUN-chT2 Breyer 1415"]
[Site "Hungary"]
[Date "2014.12.14"]
[Round "?"]
[White "Kiss, Istvan"]
[Black "Torok, Tamas Titusz"]
[Result "0-1"]
[WhiteElo "1779"]
[BlackElo "2098"]
[PlyCount "110"]
[EventDate "2014.09.07"]
[EventType "team-tourn"]
[EventRounds "11"]
[EventCountry "HUN"]
[SourceTitle "EXT 2016"]
[Source "ChessBase"]
[SourceDate "2015.10.08"]
[SourceVersion "1"]
[SourceVersionDate "2015.10.08"]
[SourceQuality "1"]
[WhiteTeam "Nyergesujfalu"]
[BlackTeam "Pestszentlorinc"]
[WhiteTeamCountry "HUN"]
[BlackTeamCountry "HUN"]

1. e4 e5 2. d4 exd4 3. Qxd4 Nc6 4. Qe3 d6 5. Bb5 Bd7 6. Nc3 Nf6 7. h3 Be7 8. Nf3 0-0 9. a3 Ne5 10. Bxd7 Qxd7 11. Qe2 c6 12. Bg5 h6 13. Bf4 Nxf3+ 14. Qxf3 Qe6 15. 0-0 Nd7 16. Rad1 Ne5 17. Qe2 Rfd8 18. Bc1 b5 19. f4 Nc4 20. b3 Nb6 21. Rfe1 Bf6 22. Nb1 Bh4 23. Rf1 Re8 24. Bb2 Bf6 25. Bxf6 Qxf6 26. Qf3 Rad8 27. Nc3 a5 28. Rfe1 b4 29. axb4 axb4 30. Ne2 c5 31. c4 bxc3 32. Nxc3 Qe6 33. Nd5 Nxd5 34. Rxd5 Qxd5 35. exd5 Rxe1+ 36. Kh2 Rde8 37. Qg4 R1e7 38. f5 f6 39. b4 Re4 40. Qg3 R8e5 41. bxc5 dxc5 42. d6 Rd4 43. Qb3+ Kh7 44. Qb6 Red5 45. Qb8 Rxd6 46. Qe8 Rd8 47. Qg6+ Kh8 48. Qg3 Rc8 49. Qc3 Rd5 50. g4 c4 51. h4 Rd3 52. Qc1 c3 53. g5 Rd2+ 54. Kh3 h5 55. Qg1 Rcd8 0-1

[Event "HUN-chT2 Breyer 1415"]
[Site "Hungary"]
[Date "2014.09.07"]
[Round "?"]
[White "Kiss, Istvan"]
[Black "Vereszki, Bence"]
[Result "1-0"]
[WhiteElo "1779"]
[BlackElo "1709"]
[PlyCount "59"]
[EventDate "2014.09.07"]
[EventType "team-tourn"]
[EventRounds "11"]
[EventCountry "HUN"]
[SourceTitle "EXT 2016"]
[Source "ChessBase"]
[SourceDate "2015.10.08"]
[SourceVersion "1"]
[SourceVersionDate "2015.10.08"]
[SourceQuality "1"]
[WhiteTeam "Nyergesujfalu"]
[BlackTeam "Turul"]
[WhiteTeamCountry "HUN"]
[BlackTeamCountry "HUN"]

1. e4 c5 2. g3 Nc6 3. Bg2 d6 4. Ne2 Nf6 5. 0-0 g6 6. d3 Bg7 7. c3 d5 8. exd5 Nxd5 9. Qb3 e6 10. Rd1 0-0 11. Nd2 b6 12. Ne4 Qc7 13. a3 Bb7 14. Ng5 Rfe8 15. Nf4 Nxf4 16. Bxf4 e5 17. Be3 Na5 18. Qc2 Bxg2 19. Kxg2 h6 20. Nh3 Qc6+ 21. f3 f5 22. Nf2 c4 23. Bc1 Nb3 24. Rb1 Nxc1 25. Rbxc1 cxd3 26. Qxd3 Kh7 27. Qd7 Qf6 28. Rd6 Qg5 29. Rcd1 Re7 30. Nh3 1-0

[Event "HUN-chT2 Breyer 1314"]
[Site "Hungary"]
[Date "2014.03.02"]
[Round "6"]
[White "Fekete, Andras"]
[Black "Kiss, Istvan"]
[Result "1/2-1/2"]
[WhiteElo "1920"]
[BlackElo "1804"]
[PlyCount "102"]
[EventDate "2013.09.08"]
[EventType "team-tourn"]
[EventRounds "9"]
[EventCountry "HUN"]
[SourceTitle "EXT 2016"]
[Source "ChessBase"]
[SourceDate "2015.10.08"]
[SourceVersion "1"]
[SourceVersionDate "2015.10.08"]
[SourceQuality "1"]
[WhiteTeam "Biatorbagy"]
[BlackTeam "Zoltek"]
[WhiteTeamCountry "HUN"]
[BlackTeamCountry "HUN"]

1. d4 d6 2. Nf3 Nf6 3. Nc3 Bf5 4. Bg5 Ne4 5. Nxe4 Bxe4 6. e3 c6 7. Bd3 Bxf3 8. Qxf3 Qa5+ 9. c3 Qxg5 10. Qh3 Nd7 11. f4 Qa5 12. 0-0 0-0-0 13. b4 Qc7 14. Qf5 f6 15. c4 Kb8 16. c5 d5 17. a4 g6 18. Qh3 f5 19. b5 Ka8 20. g4 e6 21. gxf5 exf5 22. Qh4 Re8 23. Rfe1 Be7 24. Qf2 Bf6 25. Rab1 Qd8 26. Qb2 Nxc5 27. bxc6 bxc6 28. Qb4 Bxd4 29. Qxd4 Nxd3 30. Qxd3 Rhf8 31. Qc3 Qf6 32. Qc5 Rb8 33. a5 Rxb1 34. Rxb1 Rf7 35. a6 Rd7 36. Rc1 Rc7 37. Rd1 Qe7 38. Qc3 Qg7 39. Qc5 g5 40. fxg5 Qxg5+ 41. Kf1 Qe7 42. Qc3 Qg7 43. Qc5 Qf7 44. Rd2 Qe7 45. Qc3 Qg7 46. Rg2 Qd7 47. Rg8+ Rc8 48. Rg7 Qd8 49. Rb7 Rc7 50. Qa5 Rd7 51. Qb4 Rc7 1/2-1/2

[Event "Wch Seniors 23rd"]
[Site "Opatija"]
[Date "2013.11.22"]
[Round "10"]
[White "Kiss, Istvan"]
[Black "Kummer, Heinz"]
[Result "1-0"]
[WhiteElo "1880"]
[BlackElo "1788"]
[PlyCount "83"]
[EventDate "2013.11.12"]
[EventType "swiss"]
[EventRounds "11"]
[EventCountry "CRO"]
[SourceTitle "CBM 157 Extra"]
[Source "ChessBase"]
[SourceDate "2013.12.19"]
[SourceVersion "1"]
[SourceVersionDate "2013.12.19"]
[SourceQuality "1"]

1. e4 c5 2. Nf3 Nc6 3. d4 cxd4 4. Nxd4 a6 5. c4 Qb6 6. Nf3 d6 7. Nc3 e6 8. Qb3 Qb4 9. Bd2 Qxb3 10. axb3 Nf6 11. Be2 Be7 12. h3 Nd7 13. 0-0 0-0 14. Be3 g6 15. Rfd1 Nc5 16. Ra3 f5 17. exf5 gxf5 18. Bg5 Kf7 19. Be3 Rb8 20. Ng5+ Kg6 21. h4 h5 22. Nh3 Ne5 23. Nf4+ Kh7 24. Bxh5 Rg8 25. b4 Ne4 26. Nxe4 fxe4 27. c5 d5 28. Bd4 Nc6 29. Bf7 Rf8 30. Bg6+ Kh6 31. Be3 Rxf4 32. Bxf4+ Kxg6 33. Bxb8 Nxb8 34. Rg3+ Kh6 35. Rg8 Nc6 36. Rxc8 Nxb4 37. Rc7 Bxh4 38. Rxb7 a5 39. Rb6 Bg5 40. Rxe6+ Kg7 41. c6 Bd8 42. Rd6 1-0